Actor Names by Clues #1 - Statistics

General Stats
  • This quiz has been taken 36 times
  • The average score is 8 of 15
Answer Stats
First Name Clue Surname Clue Actor % Correct
Name of a book by Jane Austen Best friend and assistant of Sherlock Holmes Emma Watson
94%
First name of a famous outlaw who used a bow A famous conqueror of England Robin Williams
75%
An instrument of the violin family, slightly larger than a violin Surname of actress Bette D___s Viola Davis
75%
Famous Scottish king: Robert the _____ The side of something, such as an island, that is sheltered from the wind Bruce Lee
63%
A large statue created by Michelangelo Someone who lives in rented property David Tennant
63%
Namesake of a famous comet A small roundish fruit without a stone Halle Berry
63%
Name of two US states, one North and one South The act of cooling something or someone by waving an object to create a current of air Dakota Fanning
59%
One of the apostles, also known as Saul ____er, used to steer a ship Paul Rudd
53%
An area of open land where you might find heather and gorse A book of financial accounts Heath Ledger
50%
Someone who would attend a church service A large bundle of hay Christian Bale
47%
A shade of red Son of J_h_n Scarlett Johansson
44%
____bury: a village in England, a city in California or a suburb of Sydney A large hole in the ground Brad Pitt
38%
A pale, slightly grayish soft cheese Surname of the author of the Millennium trilogy Brie Larson
38%
Sounds similar to the word used to describe a sheep that has had its wool shaved off A type of seed that can be baked or fried Sean Bean
31%
____cial: for example, the ____cial capital of South Africa is Bloemfontein A word in British slang meaning awesome Judi Dench
25%
No matching quizzes found
Score Distribution
Percent of People with Each Score
Percentile by Number Answered
Your Score History
You have not taken this quiz